Click to Translate - Sinhala - Statistics

General Stats
  • This quiz has been taken 330 times
  • The average score is 10 of 20
Answer Stats
Hint Answer % Correct
Television රූපවාහිනිය (rūpavāhiniya)
69%
Me මට (maṭa)
56%
Sky අහස (ahasa)
55%
Five පහ (paha)
54%
Room කාමරය (kāmaraya)
53%
Banana කෙසෙල් (kesel)
53%
Hand අත (ata)
51%
Man මිනිසා (minisā)
50%
White සුදු (sudu)
50%
Wednesday බදාදා (badādā)
49%
Thank you ස්තුතියි (stutiyi)
48%
Go යන්න (yanna)
48%
Mountain කන්ද (kanda)
47%
Dog බල්ලා (ballā)
46%
Where කොහෙද (koheda)
46%
Chair පුටුව (puṭuva)
46%
Train දුම්රිය (dumriya)
42%
Hour පැය (pæya)
39%
Before පෙර (pera)
39%
Small කුඩා (kuḍā)
37%
No matching quizzes found
Score Distribution
Percent of People with Each Score
Percentile by Number Answered
Your Score History
You have not taken this quiz